Eastern Utah Libraries Catalog: Duchesne, Heber, Roosevelt, & Vernal

Peter & the wolf / Sergei Prokofiev's (Record no. 287106)

MARC details
000 -LEADER
fixed length control field 02417ngm a2200577Ia 4500
001 - CONTROL NUMBER
control field ocn911982785
003 - CONTROL NUMBER IDENTIFIER
control field OCoLC
005 - DATE AND TIME OF LATEST TRANSACTION
control field 20231221122337.0
007 - PHYSICAL DESCRIPTION FIXED FIELD--GENERAL INFORMATION
fixed length control field vd cvaizq
008 - FIXED-LENGTH DATA ELEMENTS--GENERAL INFORMATION
fixed length control field 150626p20082007cau032 j vazxx d
020 ## - INTERNATIONAL STANDARD BOOK NUMBER
Terms of availability 15.95
024 1# - OTHER STANDARD IDENTIFIER
Standard number or code 876964001649
028 42 - PUBLISHER NUMBER
Publisher number 10164
Source Magnolia Home Entertainment
035 ## - SYSTEM CONTROL NUMBER
System control number (OCoLC)911982785
040 ## - CATALOGING SOURCE
Original cataloging agency MLN
Transcribing agency MLN
Modifying agency WACOL
Description conventions
049 ## - LOCAL HOLDINGS (OCLC)
Holding library WACL
092 ## - LOCALLY ASSIGNED DEWEY CALL NUMBER (OCLC)
Classification number EDVD
Item number Pet
245 00 - TITLE STATEMENT
Title Peter & the wolf / Sergei Prokofiev's
246 30 - VARYING FORM OF TITLE
Title proper/short title Peter & the wolf
250 ## - EDITION STATEMENT
Edition statement Widescreen.
260 ## - PUBLICATION, DISTRIBUTION, ETC. (IMPRINT)
Place of publication, distribution, etc Los Angeles :
Name of publisher, distributor, etc Magnolia Home Entertainment,
Date of publication, distribution, etc c2008.
264 ## - Production, Publication, Distribution, Manufacture, and Copyright Notice.
Place of production, publication, distribution, manufacture Los Angeles :
Name of producer, publisher, distributor, manufacturer Magnolia Home Entertainment,
Date of production, publication, distribution, manufacture, or copyr 2008
300 ## - PHYSICAL DESCRIPTION
Extent 1 videodisc (32 min.) :
Other physical details sd, col. ;
Dimensions 4 3/4 in.
500 ## - GENERAL NOTE
General note Adapted from Sergei Prokofiev's "Peter & the Wolf".
508 ## - CREATION/PRODUCTION CREDITS NOTE
Creation/production credits note Executive producers: Lars Hellebust, Simon Olswang ; co-producers: Zbigniew Zmudzki ; producers: Alan Dewhurst, Hugh Wellchman.
511 0# - PARTICIPANT OR PERFORMER NOTE
Participant or performer note Phiharmonia Orchestra ; music directed and conducted by: Mark Stephenson.
520 ## - SUMMARY, ETC.
Summary, etc This Academy Award winning new interpretation on Sergei Prokofiev's classic tale, Peter & the Wolf, is accompanied by a new orchestra recording, stop-frame model animation and state-of-the-art digital technology to create a magical world in which little boys can find the strength and courage to overcome their fears.
538 ## - SYSTEM DETAILS NOTE
System details note DVD ; Dolby digital ; widescreen (1.78:1).
546 ## - LANGUAGE NOTE
Language note Silent film with orchestral accompaniment.
650 #0 - SUBJECT ADDED ENTRY--TOPICAL TERM
Topical term or geographic name as entry element Boys
Form subdivision Juvenile films.
9 (RLIN) 5714632
650 #0 - SUBJECT ADDED ENTRY--TOPICAL TERM
Topical term or geographic name as entry element Wolves
Form subdivision Juvenile films.
9 (RLIN) 6395131
650 #0 - SUBJECT ADDED ENTRY--TOPICAL TERM
Topical term or geographic name as entry element Animated films.
9 (RLIN) 5899959
650 #0 - SUBJECT ADDED ENTRY--TOPICAL TERM
Topical term or geographic name as entry element Silent films.
9 (RLIN) 91505
650 #0 - SUBJECT ADDED ENTRY--TOPICAL TERM
Topical term or geographic name as entry element Short films.
9 (RLIN) 91447
650 #0 - SUBJECT ADDED ENTRY--TOPICAL TERM
Topical term or geographic name as entry element Children's films.
9 (RLIN) 5899960
650 #0 - SUBJECT ADDED ENTRY--TOPICAL TERM
Topical term or geographic name as entry element Musical films.
9 (RLIN) 5899961
650 #0 - SUBJECT ADDED ENTRY--TOPICAL TERM
Topical term or geographic name as entry element Film adaptations.
9 (RLIN) 5899962
700 1# - ADDED ENTRY--PERSONAL NAME
Personal name Templeton, Suzie,
Dates associated with a name 1967-
9 (RLIN) 5899963
700 1# - ADDED ENTRY--PERSONAL NAME
Personal name Dewhurst, Alan.
9 (RLIN) 5899964
700 1# - ADDED ENTRY--PERSONAL NAME
Personal name Welchman, Hugh.
9 (RLIN) 5899965
700 1# - ADDED ENTRY--PERSONAL NAME
Personal name Stephenson, Mark.
9 (RLIN) 5899966
700 1# - ADDED ENTRY--PERSONAL NAME
Personal name Prokofiev, Sergey,
Dates associated with a name 1891-1953.
Title of a work Peti︠a︡ i volk.
9 (RLIN) 14940
710 2# - ADDED ENTRY--CORPORATE NAME
Corporate name or jurisdiction name as entry element Philharmonia Orchestra.
9 (RLIN) 5899967
710 2# - ADDED ENTRY--CORPORATE NAME
Corporate name or jurisdiction name as entry element Breakthru Films.
9 (RLIN) 5899968
710 2# - ADDED ENTRY--CORPORATE NAME
Corporate name or jurisdiction name as entry element Channel Four (Great Britain)
9 (RLIN) 28096
710 2# - ADDED ENTRY--CORPORATE NAME
Corporate name or jurisdiction name as entry element Storm Studio.
9 (RLIN) 5899969
710 2# - ADDED ENTRY--CORPORATE NAME
Corporate name or jurisdiction name as entry element Archangel SA (Firm)
9 (RLIN) 5899970
710 2# - ADDED ENTRY--CORPORATE NAME
Corporate name or jurisdiction name as entry element Magnolia Home Entertainment (Firm)
9 (RLIN) 73285
942 ## - ADDED ENTRY ELEMENTS (KOHA)
Koha item type DVD
Source of classification or shelving scheme Dewey Decimal Classification
948 ## - LOCAL PROCESSING INFORMATION (OCLC); SERIES PART DESIGNATOR (RLIN)
Series part designator, SPT (RLIN) 07/01/2015
z (OCLC) Sirsi
Holdings
Withdrawn status Lost status Source of classification or shelving scheme Damaged status Not for loan Collection code Home library Current library Shelving location Date acquired Source of acquisition Cost, normal purchase price Total Checkouts Total Renewals Full call number Barcode Date last seen Date checked out Cost, replacement price Price effective from Koha item type
    Dewey Decimal Classification     Children Movies Wasatch County Library Wasatch County Library Audio Visual Area 07/01/2015 Amazon 15.95 49 13 E DVD Pet 34301001432105 07/21/2025 07/15/2025 15.95 03/20/2020 DVD
This project was made possible through a grant from the Institute of Museum and Library Service administered by the Utah State Library Division.

Wasatch County Library

  • 465 East 1200 South, Heber City, Utah 84032
  • Phone 435-654-1511 | Fax 435-654-6456

Hours

  • Monday - Friday 9:30 AM - 8:00 PM
  • Saturday 9:30 AM - 1:30 PM
  • Closed Sundays and Holidays